000 00867nam a2200241 a 4500
005 20140310183459.0
008 100304s19uu xx 00 eng d
020 _a978071495851
050 _aTK 6680.5
_b.J64 2007
100 _aJohnson, Mark R.
245 _aHigh definition DVD handbook :
_bproducing for HD DVD and blu-ray disc /
_cMark R. Johnson, Charles G. Crawford, Christen M. Armbrust.
260 _aNew York :
_bMcGraw-Hill,
_cc2007.
300 _a(various pages) :
_bill. ;
_c24 cm.
521 _aMA
650 _aDigital video.
_xHandbooks, manuals, etc.
650 _aDVD
_xvideo discs
_xHandbooks, manuals, etc.
650 _aHigh definition HD DVD
_xHandbooks, manuals, etc.
650 _aBlu-ray disc.
_xHandbooks, manuals, etc.
700 _aCrawford, Charles G.
700 _aArmbrust, Christen M.
942 _cBK
_2lcc
_kFOR
999 _c23808
_d23808